More adventures according to humphrey / (Record no. 48765)
| 000 -LEADER | |
|---|---|
| fixed length control field | 00325nam a2200121 4500 |
| 020 ## - INTERNATIONAL STANDARD BOOK NUMBER | |
| International Standard Book Number | 9780571237180 |
| 100 ## - MAIN ENTRY--PERSONAL NAME | |
| Personal name | Birney, Betty G. |
| 245 ## - TITLE STATEMENT | |
| Title | More adventures according to humphrey / |
| Statement of responsibility, etc | Betty G. Birney |
| 260 ## - PUBLICATION, DISTRIBUTION, ETC. (IMPRINT) | |
| Place of publication, distribution, etc | London |
| Name of publisher, distributor, etc | Faber and Faber |
| Date of publication, distribution, etc | 2009 |
| 300 ## - PHYSICAL DESCRIPTION | |
| Extent | 133 p. |
| Dimensions | 20 cm. |
| 650 ## - SUBJECT ADDED ENTRY--TOPICAL TERM | |
| Topical term or geographic name as entry element | Fiction |
| 9 (RLIN) | 52851 |
| 942 ## - ADDED ENTRY ELEMENTS (KOHA) | |
| Source of classification or shelving scheme | |
| Koha item type | Book |
| Withdrawn status | Lost status | Source of classification or shelving scheme | Damaged status | Not for loan | Collection code | Home library | Current library | Shelving location | Date acquired | Full call number | Barcode | Date last seen | Price effective from | Koha item type | Public note |
|---|---|---|---|---|---|---|---|---|---|---|---|---|---|---|---|
| TEACHERS' RESOURCES | Asian Hope Early Years Library | Asian Hope Early Years Library | Junior Fiction | 03/31/2025 | CB FIC BIR | 207459 | 03/31/2025 | 03/31/2025 | Book | YEAR 1 BOOK |